The selective licensing of houses (specified exemptions) (Wales) Order 2006 (Record no. 106244)

MARC details
000 -LEADER
fixed length control field 01377cam a2200253 4500
001 - CONTROL NUMBER
control field L135921
008 - FIXED-LENGTH DATA ELEMENTS--GENERAL INFORMATION
fixed length control field 061218n2006 000 0 eng u
035 ## - SYSTEM CONTROL NUMBER
System control number (Sirsi) u135921
041 0# - LANGUAGE CODE
Language code of text/sound track or separate title eng
110 1# - MAIN ENTRY--CORPORATE NAME
Corporate name or jurisdiction name as entry element United Kingdom
Form subheading Laws, etc
9 (RLIN) 5044
245 04 - TITLE STATEMENT
Title The selective licensing of houses (specified exemptions) (Wales) Order 2006
260 ## - PUBLICATION, DISTRIBUTION, ETC.
Place of publication, distribution, etc. London
Name of publisher, distributor, etc. TSO
Date of publication, distribution, etc. 2006
490 ## - SERIES STATEMENT
Series statement Welsh Statutory Instrument
-- 2006
-- 2824
520 ## - SUMMARY, ETC.
Summary, etc. Specifies the descriptions of tenancies and licences of houses, or of dwellings contained in houses, that are exempt tenancies or licences for the purposes of the Housing Act 2004 Part III. The effect of the exemption is that Part III of the Act does not apply to houses in Wales that are subject to a tenancy or licence described in article 2 and they are not, therefore, subject to the licensing requirements described in section 85 of the Act.
590 ## - LOCAL NOTE (RLIN)
Local note KA
650 24 - SUBJECT ADDED ENTRY--TOPICAL TERM
Topical term or geographic name entry element HOUSING ACT 2004 PART III
650 24 - SUBJECT ADDED ENTRY--TOPICAL TERM
Topical term or geographic name entry element HOUSING ACT 2004 S85
650 24 - SUBJECT ADDED ENTRY--TOPICAL TERM
Topical term or geographic name entry element SELECTIVE LICENSING OF HOUSES (SPECIFIED EXEMPTIONS) (WALES) ORDER 2006
650 24 - SUBJECT ADDED ENTRY--TOPICAL TERM
Topical term or geographic name entry element HOUSING ACT 2004 PART IV
651 #4 - SUBJECT ADDED ENTRY--GEOGRAPHIC NAME
Geographic name Wales
Chronological subdivision 1998-2007
690 ## - LOCAL SUBJECT ADDED ENTRY--TOPICAL TERM (OCLC, RLIN)
Topical term or geographic name as entry element PROPERTY-LEASEHOLD PROPERTY-LANDLORD AND TENANT-LANDLORD AND TENANT REFORM
856 40 - ELECTRONIC LOCATION AND ACCESS
Uniform Resource Identifier <a href="https://www.opsi.gov.uk/legislation/wales/wsi2006/20062824e.htm">https://www.opsi.gov.uk/legislation/wales/wsi2006/20062824e.htm</a>
Public note View the Order free of charge at www.opsi.gov.uk...
942 ## - ADDED ENTRY ELEMENTS (KOHA)
Suppress in OPAC 0
Holdings
Withdrawn status Lost status Source of classification or shelving scheme Damaged status Not for loan Home library Current library Shelving location Date acquired Total Checkouts Full call number Barcode Date last seen Copy number Price effective from Koha item type
    Dewey Decimal Classification     Virtual Virtual Online 18/12/2006   ONLINE PUBLICATION 135921-1001 06/08/2019 1 06/08/2019 Book